000 00484nam a2200193Ia 4500
003 GCL
008 140319s9999 xx 000 0 eng d
040 _aGCL /
_cGCL
082 0 4 _a892.76
_bH L
100 1 _aHUSSEIN, TAHA
245 1 0 _aLE LIVRE DES JOURS /
_cHUSSEIN, TAHA
260 _a[S.N] :
_bL'IMAGINAIRE GALLIMARD ،
_c1997
300 _a261 P
650 0 4 _aLITERATURE
650 0 4 _aARABIC LITERATURE
650 0 4 _aFICTION
650 0 4 _aARABIC FICTION
942 _2ddc
_cBK
999 _c14018
_d14018